Com o pé esquerdo (Registo nº 2228)

Detalhes MARC
000 -Etiqueta do registo
Cabeçalho 00752nam a22002651 4500
005 - Identificador da versão
Campo de controlo 20240813121928.0
010 ## - Número internacional normalizado dos livros (ISBN)
Número (ISBN) 9728723253
021 ## - Número do Depósito Legal
Código do país PT
Número 186352/02
100 ## - Dados gerais de processamento
Dados gerais de processamento 20040612d2002 c y0pory5003 ba
102 ## - Pais de publicação ou produção
País de publicação Portugal
101 0# - Língua de publicação
Língua do texto, banda sonora, etc. Português
106 ## - Campo de dados codificados: material textual
Dados codificados do material textual r
105 ## - Campo de dados codificados: livros
Dados codificados dos livros a z 000yy
215 ## - Descrição física 
Indicação específica da natureza do documento e extensão da espécie [17] p.
Outras indicações físicas todo il.
Dimensões 25 cm
200 1# - Titulo e menção de responsabilidade
Título próprio Com o pé esquerdo
Primeira menção de responsabilidade Andreia Carreiro
Outras menções de responsabilidade il. Regina Miranda
210 ## - Publicação, Distribuição, etc. 
Lugar da edição, distribuição, etc. Vila Nova de Gaia
Nome do editor, distribuidor, etc. Gailivro
Data da publicação, distribuição, etc. D.L. 2002
606 ## - Nome comum usado como assunto
Número de registo de entrada de autoridade 0000029
Palavra de ordem Literatura portuguesa infantil
Subdivisão de assunto Conto
675 ## - Classificação Decimal Universal (CDU)
Notação 821.134.3-34
Edição
Língua da edição por
702 #1 - Nome de autor-pessoa física (responsabilidade secundária)
Número de registo de entrada de autoridade 0001048
Palavra de ordem Miranda
Outra parte do nome não tomada para palavra de ordem Regina
Código de função Ilustrador / Técnico de desenho computorizado
700 #1 - Nome de autor-pessoa física (responsabilidade principal)
Número de registo de entrada de autoridade 0001047
Palavra de ordem Carreiro
Outra parte do nome não tomada para palavra de ordem Andreia
Datas 1969-
942 ## - Elementos de entrada adicionados (Koha)
Tipo de item no Koha Livro
Exemplares
Situação do levantamento Origin of item (home branch) (coded) Biblioteca de empréstimo Código de barras Cota Circulation type (not for loan) Tipo de documento Nota do exemplar Damaged status
  Biblioteca Escolar da Coca Maravilhas Biblioteca Escolar da Coca Maravilhas BECM6525/04 8POR CAR   Livro Sem mensagem